000 00641nam a2200265Ia 4500
001 4820
005 20240113233801.0
007 ta
008 050615s g b000 u hin u
020 _cHB
040 _aCotton College Assam
041 _ahin
082 _a891.432
_bP 886 Aj
100 _aPrasad, J.N. .
245 0 _aAjaat Satru /
_cJ.N.Prasad.
_hTextual Documents
250 _a1st ed. /
260 _aAllahabad :
_bBharati Bhandar ,
_cNd.
300 _a125p. ;
_c16cm.
653 _aHindi drama
653 _aGen-Hindi
942 _2ddc
_cBK
999 _c4807
_d4807